000 00341nam a22001577a 4500
003 OSt
005 20250605144922.0
008 250605b |||||||| |||| 00| 0 eng d
082 _a920
_bJAID
100 _aJain, N. K.
245 _aDown the memory lane
300 _a437
546 _aEnglish
651 _a Autobiography
942 _2ddc
_cBK
999 _c3809
_d3809